00676nam a2200205 a 450000100060000000300090000600500170001500800410003202000220007302000220009503500180011704000280013504100080016308200260017110000270019724501460022426000380037030000300040861000320043849579BD-RJUL 20211209054710.0916082s1968 enka 001 0 eng d a0571083234 (hbk.) a0571083374 (pbk.) aBD-RJUL 49698 aDLCcDLCdUKMdEQObeng aeng a309.223542bADV 1968 1 aAdams, Michael,d1920-10aVoluntary Service Overseas :bthe story of the first ten years /cMichael Adams ; with a foreword by H.R.H. Prince Philip, Duke of Edinburgh. aLondon :bFaber and Faber,c1968. a234 p. :bill. ;c21 cm.20aVoluntary Service Overseas.